Les trophées des music shows de Ateez - Statistiques

Statistiques générales
  • Ce quiz a été pris 27 fois
    7 depuis la dernière actualisation
  • Le résultat moyen est 8 sur 11
Statistiques - réponses
Nombres de trophées Title tracks % Correct
5 Bouncy (K-Hot Chilli Peppers)
100%
1 Fireworks (I'm The One)
100%
1 Halazia
100%
2 Inception
100%
5 Adrenaline
67%
1 Deja Vu
67%
6 Guerrilla
67%
2 Wave
67%
2 Work
67%
4 Crazy Form
33%
1 Ice On My Teeth
33%
Aucun quiz correspondant
Distribution des résultats
% des personnes avec chaque résultat
Percentile par nombre de réponses
Votre historique - résultats
Vous n’avez pas pris ce quiz depuis la dernière actualisation